Normal view
MARC view
- امويون - تاريخ، معاوية بن ابي سفيان 30ق.ه- 60ه
Entry Topical Term
001 - CONTROL NUMBER
- control field: 9765
003 - CONTROL NUMBER IDENTIFIER
- control field: JO-AjAnu
005 - DATE AND TIME OF LATEST TRANSACTION
- control field: 20230606071854.0
008 - FIXED-LENGTH DATA ELEMENTS
- fixed length control field: 230606|| aca||aabn | a|a d
040 ## - CATALOGING SOURCE
- Original cataloging agency: JO-AjAnu
- Transcribing agency: JO-AjAnu
150 ## - HEADING--TOPICAL TERM
- Topical term or geographic name entry element: امويون - تاريخ، معاوية بن ابي سفيان 30ق.ه- 60ه
670 ## - SOURCE DATA FOUND
- Source citation: Work cat.: (JO-AjAnu)5034: شرح الأهوازي؛ تحقيق هزايمة، عصام مصطفى ، تحقيق بني ياسين، يوسف أحمد, author 9764, ثلاث رسائل في فضائل معاوية